000 01546nam2a22002531 4500
001 rc\3921227
005 20250611023113.0
021 _aRU
_b[53-46025]
035 _a(NLR Aleph) 008026055
090 _a8791251
_c8791251
100 _a20130415f19531999|||y0rusy50 ca
101 0 _arus
102 _aRU
105 _aa z |||||
200 1 _aВведение к полному изучению органической химии
_f[Ред.: Б.А. Казанский (отв. ред.) и др.]
210 _aМосква
_cИзд-во Акад. наук СССР
_d1953-
215 _a624 с., 5 ил.
461 0 _1001rc\3921225
_12001#$aСочинения$f[Комис. по разработке науч. наследия и изданию трудов А.М. Бутлерова: акад. А.Е. Арбузов... акад. Б.А. Казанский (пред.) и др.]$gАкад. наук СССР. Т. 1-$vТ. 2
_1700#1$aБутлеров$bА.М.$f1828-1886$gАлександр Михайлович
_98791239
_aБутлеров, А.М. (1828-1886)
_cМосква
_d1953-
_f[Комис. по разработке науч. наследия и изданию трудов А.М. Бутлерова: акад. А.Е. Арбузов... акад. Б.А. Казанский (пред.) и др.]
_nИзд-во Акад. наук СССР
_tСочинения
_vТ. 2
606 _aОрганическая химия (т. 2)
_2psbo
801 0 _aRU
_bNLR
_gpsbo
801 1 _aRU
_bELAR
_2rusmarc
852 _aNLR
_jХ02 Г-7/76
942 _cBOOK
980 _aNB